Score 0/10 Timer 01:00
0 Plays Today
% Correct
Treaty of Paris (1783)
87.1%
Oregon Treaty (1846)
82%
Treaty of Manila (1946)
80.3%
Treaty of Guadalupe-Hidalgo (1848)
79.9%
Treaty of Ghent (1814)
75.3%
Treaty of Berlin (1921)
74%
Outer Space Treaty (1967)
67.9%
Treaty of Washington (1871)
65.5%
Treaty of Kanagawa (1854)
43.2%
Treaty of Wanghia (1844)
32.9%

Today's Daily Dose

Remove Ads.
Support Sporcle.
Get the best of Sporcle when you Go Orange. This ad-free experience offers more features, more stats, and more fun while also helping to support Sporcle. Thank you for becoming a member.

You're not logged in!

Compare scores with friends on all Sporcle quizzes.
OR
Log In

Show Comments

Extras

Top Quizzes Today


Score Distribution

Your Account Isn't Verified!

In order to create a playlist on Sporcle, you need to verify the email address you used during registration. Go to your Sporcle Settings to finish the process.

Report this User

Report this user for behavior that violates our Community Guidelines.

Details: